| 000 | 00362nam a2200157Ia 4500 | ||
|---|---|---|---|
| 008 | 230312s9999||||xx |||||||||||||| ||und|| | ||
| 020 | _a81-265-1088-9 | ||
| 082 |
_a530 _bRES-P |
||
| 100 | _aResnick Robert | ||
| 245 | 0 | _aPHYSICS | |
| 260 |
_bJohn Wiley & Sons _aIndia _c2001 |
||
| 300 | _a566 | ||
| 546 | _aEng. | ||
| 650 |
_aEngineering _vPhysics |
||
| 942 | _cBK | ||
| 999 |
_c1760 _d1760 |
||